|
|
|
|
| LEADER |
00896nam a2200241 a 4500 |
| 001 |
00026648 |
| 008 |
130207s2008 gw a b 000 0 eng d |
| 020 |
|
|
|a 9783822857724
|
| 020 |
|
|
|a 9783836509350
|
| 040 |
|
|
|a BD-DhAAL
|c BD-DhAAL
|
| 082 |
0 |
0 |
|a 720
|2 22
|
| 100 |
1 |
|
|a Nouvel, Jean.
|
| 245 |
1 |
0 |
|a Jean Nouvel :
|b 1993-2008,
|n Vol. 2 /
|c Jean Nouvel, Philip Jodidio, Editor
|
| 260 |
|
|
|a Köln ;
|a Hong Kong :
|b Taschen,
|c 2008
|
| 300 |
|
|
|a 460 p. :
|b ill. ;
|c 39 cm.
|
| 362 |
0 |
|
|a Vol. 2
|
| 504 |
|
|
|a Includes bibliographical references (p. 458)
|
| 541 |
1 |
|
|e 00026648
|
| 600 |
1 |
0 |
|a Nouvel, Jean.
|
| 700 |
1 |
|
|a Jodidio, Philip.
|
| 852 |
1 |
|
|a Ayesha Abed Library
|j General Shelf.
|
| 999 |
|
|
|c 13169
|d 13169
|
| 952 |
|
|
|0 0
|1 0
|2 ddc
|4 0
|6 720_000000000000000_NOU
|7 0
|9 21923
|a BRACUL
|b BRACUL
|c GEN
|d 2013-02-10
|e Essence Science and Publishers
|g 8235.00
|l 1
|m 7
|o 720 NOU
|p 3010026648
|r 2015-09-07
|s 2015-07-08
|t 1
|w 2013-02-10
|y BK
|